[Event "OLNO 1718 SV Empor Berlin - FHSH Strals"]
[Site "?"]
[Date "2018.01.21"]
[Round "5.5"]
[White "Kohn, Andreas"]
[Black "Atkinson, Paul"]
[Result "0-1"]
[WhiteElo "1958"]
[BlackElo "2155"]
[PlyCount "86"]
[EventDate "2018.??.??"]

1. e4 e6 2. d4 d5 3. exd5 exd5 4. Bd3 Bd6 5. Ne2 Qh4 6. g3 Qh5 7. Nf4 Qxd1+ 8.
Kxd1 Bg4+ 9. Be2 Bxe2+ 10. Kxe2 Nf6 11. Re1 O-O 12. Kf1 Nbd7 13. Nc3 c6 14. Bd2
Rfe8 15. Rxe8+ Rxe8 16. Re1 Rxe1+ 17. Kxe1 Nf8 18. f3 Ne6 19. Nce2 Kf8 20.
Nxe6+ fxe6 21. Bf4 Ke7 22. Kd2 Nd7 23. Bxd6+ Kxd6 24. f4 Nf6 25. Ng1 b6 26. Nf3
c5 27. c3 c4 28. Ne5 h5 29. Nf7+ Ke7 30. Ne5 a6 31. Ke3 Ng4+ 32. Nxg4 hxg4 33.
Kf2 Kf6 34. Kg2 Kf5 35. h3 b5 36. Kh2 gxh3 37. Kxh3 g5 38. fxg5 e5 39. g4+ Kxg5
40. dxe5 b4 41. Kg3 d4 42. Kf3 dxc3 43. bxc3 b3 0-1

[Event "OLNO 1718 SV Empor Berlin - FHSH Strals"]
[Site "?"]
[Date "2018.01.21"]
[Round "5.6"]
[White "Nitsche-Hahn, Raphael"]
[Black "Paulowitz, Bernd-Rainer"]
[Result "1-0"]
[WhiteElo "2011"]
[BlackElo "1937"]
[PlyCount "81"]
[EventDate "2018.??.??"]

1. d4 d5 2. Bf4 Nf6 3. e3 e6 4. c3 Bd6 5. Bg3 Qe7 6. Nf3 Nbd7 7. Ne5 Ne4 8. f4
g6 9. Nd2 f5 10. Nxe4 dxe4 11. Be2 Nb6 12. O-O Nd5 13. Bf2 c6 14. c4 Nf6 15.
Bh4 O-O 16. c5 Bc7 17. b4 Qe8 18. Bxf6 Rxf6 19. a4 Rf8 20. Qb3 Qe7 21. Bc4 a6
22. Kh1 Kg7 23. Be2 h5 24. Nc4 Bd7 25. g3 Rfd8 26. h3 Be8 27. Kg2 Bd7 28. Rfd1
Bc8 29. Ne5 Bd7 30. Bc4 Re8 31. Qc3 Kh7 32. Be2 Red8 33. Rh1 Be8 34. Nc4 Bd7
35. Kh2 Be8 36. Rag1 Bf7 37. g4 Rg8 38. Rg2 Rg7 39. gxh5 gxh5 40. Rxg7+ Kxg7
41. d5+ 1-0

[Event "OLNO 1718 SV Empor Berlin - FHSH Strals"]
[Site "?"]
[Date "2018.01.21"]
[Round "5.7"]
[White "Giese, Lothar"]
[Black "Sulayev, Daniel"]
[Result "0-1"]
[WhiteElo "1904"]
[BlackElo "2064"]
[PlyCount "82"]
[EventDate "2018.??.??"]

1. c4 c5 2. Nc3 Nc6 3. g3 g6 4. Bg2 Bg7 5. d3 e6 6. e4 Nge7 7. Nge2 d6 8. O-O
O-O 9. Be3 Nd4 10. Bxd4 cxd4 11. Nb5 Nc6 12. f4 Rb8 13. Na3 a6 14. Nc2 Qd7 15.
b3 b5 16. Rb1 Bb7 17. Qe1 f5 18. exf5 gxf5 19. Qf2 e5 20. Bd5+ Kh8 21. Qg2 Ne7
22. Bxb7 Qxb7 23. Qxb7 Rxb7 24. Rfd1 Nc6 25. Kf2 bxc4 26. dxc4 Rfb8 27. Kf1 Kg8
28. Kf2 Rb6 29. Kf1 a5 30. Na3 Nb4 31. Nb5 d3 32. Nec3 e4 33. a3 Bxc3 34. Nxc3
Nc2 35. Nd5 Rxb3 36. Rxb3 Rxb3 37. Ne7+ Kf7 38. Nxf5 Kf6 39. g4 e3 40. Rc1 e2+
41. Kf2 d2 0-1

[Event "OLNO 1718 SV Empor Berlin - FHSH Strals"]
[Site "?"]
[Date "2018.01.21"]
[Round "5.8"]
[White "Welz, Peter"]
[Black "Manke, Karsten"]
[Result "1-0"]
[WhiteElo "2042"]
[BlackElo "1818"]
[PlyCount "49"]
[EventDate "2018.??.??"]

1. e4 d5 2. exd5 Qxd5 3. Nf3 Bg4 4. Be2 e6 5. O-O Nf6 6. c4 Qd8 7. Qb3 Qc8 8.
h3 Bh5 9. d4 c6 10. Nc3 Nbd7 11. Bf4 b6 12. Rac1 Qb7 13. Rfe1 Be7 14. g4 Bg6
15. Bf1 O-O 16. Nh4 Rfe8 17. Nxg6 hxg6 18. Bg2 Rac8 19. d5 cxd5 20. cxd5 Nc5
21. Qd1 Qa6 22. b4 Ncd7 23. dxe6 fxe6 24. Rxe6 Qc4 25. Nd5 1-0

[Event "OLNO 1718 SC Weisse Dame - Greifswalder"]
[Site "?"]
[Date "2018.01.21"]
[Round "5.1"]
[White "Mueller, Nick"]
[Black "Waldmann, Hans-Joachim"]
[Result "1-0"]
[WhiteElo "2303"]
[BlackElo "2284"]
[PlyCount "89"]
[EventDate "2018.??.??"]

1. e4 Nf6 2. e5 Nd5 3. d4 d6 4. Nf3 c6 5. Be2 g6 6. O-O Bg7 7. c4 Nc7 8. exd6
Qxd6 9. Nc3 Bg4 10. Ne4 Qd8 11. Be3 O-O 12. h3 Bf5 13. Ng3 Bc8 14. Qd2 Nd7 15.
Rad1 Nf6 16. Rfe1 b6 17. Ne5 Bb7 18. Bf3 Qe8 19. Qb4 Na6 20. Qa3 Nb8 21. Bf4 e6
22. Qd6 Qc8 23. Qe7 Nfd7 24. Ne4 Qd8 25. Qa3 Nf6 26. Bg5 h6 27. Nxf6+ Bxf6 28.
Bxh6 Re8 29. Qe3 Qe7 30. Qf4 a5 31. Ng4 Bh8 32. Bg5 Qf8 33. Nh6+ Kg7 34. Nf5+
Kg8 35. Nd6 Bc8 36. Nxe8 Qxe8 37. Bf6 Bxf6 38. Qxf6 Ra7 39. Qf4 Na6 40. h4 Qe7
41. Bxc6 Nb4 42. d5 Nxc6 43. dxc6 Qc7 44. Qf6 Kh7 45. Rd8 1-0

[Event "OLNO 1718 SC Weisse Dame - Greifswalder"]
[Site "?"]
[Date "2018.01.21"]
[Round "5.2"]
[White "Moeller, Hendrik"]
[Black "Weber, Max"]
[Result "1-0"]
[WhiteElo "2259"]
[BlackElo "2248"]
[PlyCount "137"]
[EventDate "2018.??.??"]

1. c4 c5 2. g3 Nc6 3. Bg2 g6 4. Nf3 Bg7 5. Nc3 e6 6. d3 Nge7 7. Bg5 h6 8. Bd2
d5 9. cxd5 exd5 10. O-O O-O 11. Qc1 Kh7 12. Rb1 Bf5 13. Nxd5 Nxd5 14. e4 Bg4
15. exd5 Bxf3 16. Bxf3 Nd4 17. Qd1 Nxf3+ 18. Qxf3 Qf6 19. Qxf6 Bxf6 20. Rfc1 b6
21. Bc3 Kg7 22. b4 Bxc3 23. Rxc3 cxb4 24. Rxb4 Rfd8 25. Rd4 Rd7 26. Rb3 Rad8
27. Rb5 Rd6 28. a4 Kf6 29. a5 Ke7 30. f4 Kd7 31. Kf2 Rb8 32. axb6 axb6 33. Ra4
Kc7 34. Ke3 Kb7 35. Kd4 f6 36. Kc3 Rbd8 37. Kd4 Re8 38. Ra2 Rdd8 39. Rbb2 Rd7
40. Rb5 Rdd8 41. Rb3 Ra8 42. Rba3 Rxa3 43. Rxa3 g5 44. f5 g4 45. Ra2 b5 46. Rc2
b4 47. Rb2 Re5 48. Rxb4+ Kc7 49. Kc5 h5 50. Ra4 Rxf5 51. Ra7+ Kd8 52. Rh7 Rf3
53. d4 f5 54. Kd6 Kc8 55. Rh8+ Kb7 56. Rxh5 f4 57. gxf4 Rxf4 58. Ke5 Rf2 59.
Ke6 Re2+ 60. Kd7 Rd2 61. d6 Rxd4 62. Rb5+ Ka7 63. Rb2 Rd3 64. Kc7 Rc3+ 65. Kd8
Rh3 66. d7 Ka6 67. Rd2 Kb7 68. Ke7 Rh7+ 69. Kf6 1-0

[Event "OLNO 1718 SC Weisse Dame - Greifswalder"]
[Site "?"]
[Date "2018.01.21"]
[Round "5.3"]
[White "Leisner, Hannes"]
[Black "Uhl, Heinz"]
[Result "1-0"]
[WhiteElo "2242"]
[BlackElo "2153"]
[PlyCount "95"]
[EventDate "2018.??.??"]

1. Nf3 c5 2. g3 g6 3. Bg2 Bg7 4. c4 Nf6 5. O-O O-O 6. Nc3 d5 7. cxd5 Nxd5 8.
Ng5 Nxc3 9. bxc3 Qa5 10. a4 h6 11. Nh3 Na6 12. Nf4 Rb8 13. Qb3 Kh7 14. Bb2 e5
15. Nd5 Be6 16. d3 Nc7 17. c4 Bxd5 18. Bxd5 Nxd5 19. cxd5 b5 20. axb5 Rxb5 21.
Rxa5 Rxb3 22. Ba1 e4 23. dxe4 c4 24. Bxg7 Kxg7 25. Rc1 Rc8 26. Rxa7 Rb2 27. Kf1
Rd2 28. Ke1 Rd4 29. f3 Kf8 30. Ra3 Rb8 31. Rac3 Rb2 32. R3c2 Rb4 33. Rd1 Rxd1+
34. Kxd1 Ke7 35. Kd2 Kd6 36. Ra2 Kc5 37. Ra5+ Kd4 38. e3+ Ke5 39. Ra6 h5 40.
Ra7 Kf6 41. f4 Rb3 42. e5+ Kf5 43. Rxf7+ Ke4 44. d6 Rxe3 45. d7 Rd3+ 46. Kc2 h4
47. e6 hxg3 48. hxg3 1-0

[Event "OLNO 1718 SC Weisse Dame - Greifswalder"]
[Site "?"]
[Date "2018.01.21"]
[Round "5.5"]
[White "Stubbe, Wilko"]
[Black "Venske, Kai-Gerrit"]
[Result "1-0"]
[WhiteElo "2194"]
[BlackElo "2185"]
[PlyCount "65"]
[EventDate "2018.??.??"]

1. e4 d5 2. exd5 Qxd5 3. Nf3 Bg4 4. Be2 Nc6 5. d4 O-O-O 6. c4 Qf5 7. Be3 e5 8.
h3 Bxf3 9. Bxf3 Qg6 10. d5 Nb4 11. O-O Nc2 12. Nc3 Nxe3 13. fxe3 Bc5 14. Qe2 f5
15. Na4 Qd6 16. Nxc5 Qxc5 17. b4 Qe7 18. e4 Nf6 19. Rab1 Qe8 20. Qe3 Kb8 21.
exf5 e4 22. Be2 Qe5 23. Rb3 b6 24. a4 g6 25. a5 gxf5 26. axb6 cxb6 27. Qf4 Rde8
28. Qxf5 Qxf5 29. Rxf5 Rhf8 30. c5 Kb7 31. Bb5 Nxd5 32. Rxd5 a6 33. Bxe8 1-0

[Event "OLNO 1718 SC Weisse Dame - Greifswalder"]
[Site "?"]
[Date "2018.01.21"]
[Round "5.6"]
[White "Kaiser, Martin"]
[Black "Kuersten, Ruediger"]
[Result "0-1"]
[WhiteElo "2155"]
[BlackElo "2155"]
[PlyCount "96"]
[EventDate "2018.??.??"]

1. c4 c6 2. Nf3 d5 3. g3 Nf6 4. Bg2 Bg4 5. cxd5 cxd5 6. d4 e6 7. Nc3 Nc6 8. O-O
Bd6 9. h3 Bxf3 10. Bxf3 Qb6 11. e3 O-O 12. Bd2 Rac8 13. Na4 Qc7 14. Rc1 Ne4 15.
Nc5 Bxc5 16. dxc5 f5 17. b4 Rf6 18. Bg2 Ne5 19. Bc3 Rh6 20. Ba1 Nc4 21. Qd3 Rg6
22. Rc2 h5 23. h4 Rh6 24. Rd1 Qe7 25. Rxc4 dxc4 26. Qd7 Rc7 27. Qxe7 Rxe7 28.
Be5 Kf7 29. Bf1 c3 30. f3 Nf6 31. b5 Nd5 32. Kf2 Rh8 33. e4 fxe4 34. fxe4 Nf6
35. Kf3 Rd7 36. Rc1 Ng4 37. Bxc3 Nh2+ 38. Ke3 Nxf1+ 39. Rxf1+ Kg6 40. Be5 Rhd8
41. c6 bxc6 42. bxc6 Rd3+ 43. Ke2 Rd2+ 44. Ke3 R8d3+ 45. Kf4 Rxa2 46. Bb8 Rc2
47. c7 Rc5 48. e5 Rc4# 0-1

[Event "OLNO 1718 SC Weisse Dame - Greifswalder"]
[Site "?"]
[Date "2018.01.21"]
[Round "5.7"]
[White "Kalhorn, Stefan"]
[Black "Mohrmann, Ralf"]
[Result "1/2-1/2"]
[WhiteElo "2135"]
[BlackElo "2040"]
[PlyCount "88"]
[EventDate "2018.??.??"]

1. d4 Nf6 2. c4 g6 3. Nc3 Bg7 4. e4 d6 5. Nf3 O-O 6. Be2 e5 7. d5 a5 8. Bg5 h6
9. Bh4 Na6 10. Nd2 Bd7 11. a3 Qe8 12. O-O a4 13. Nb5 Bxb5 14. cxb5 Nc5 15. f3
b6 16. b4 axb3 17. Nxb3 Nfd7 18. Nxc5 Nxc5 19. Bf2 f5 20. Bxc5 dxc5 21. d6 Rd8
22. Qb3+ Kh8 23. dxc7 Rd4 24. Bc4 Qd7 25. a4 Ra8 26. a5 Qxc7 27. axb6 Qb8 28.
Bd5 Rxa1 29. Rxa1 c4 30. Qa3 Rxd5 31. exd5 Qxb6+ 32. Kh1 e4 33. fxe4 fxe4 34.
Re1 c3 35. d6 Qxb5 36. Qa8+ Kh7 37. Qxe4 Bf8 38. Qd4 c2 39. d7 Qb1 40. Qc3 Bb4
41. d8=Q Bxc3 42. Qd7+ Bg7 43. Qd2 Bb2 44. Qd7+ Bg7 1/2-1/2

[Event "OLNO 1718 TSG Oberschöneweide - SC Rot"]
[Site "?"]
[Date "2018.01.21"]
[Round "5.1"]
[White "Rietze, Clemens"]
[Black "Rosenthal, Dirk"]
[Result "0-1"]
[WhiteElo "2322"]
[BlackElo "2406"]
[PlyCount "78"]
[EventDate "2018.??.??"]

1. d4 Nf6 2. c4 g6 3. Nc3 Bg7 4. e4 d6 5. f3 O-O 6. Be3 c5 7. Nge2 Nc6 8. d5
Ne5 9. Ng3 e6 10. Be2 exd5 11. cxd5 a6 12. a4 Bd7 13. O-O b5 14. Qc1 c4 15. a5
Rb8 16. Nh1 b4 17. Na4 Bxa4 18. Rxa4 Qd7 19. Ra1 Rfc8 20. Nf2 Qc7 21. Bd4 Nfd7
22. Qe3 c3 23. Bxa6 cxb2 24. Bxb2 Nc4 25. Bxc4 Bxb2 26. Ba6 Rd8 27. Ra2 Ba3 28.
Rxa3 bxa3 29. Qxa3 Ra8 30. Rc1 Nc5 31. Bf1 Rxa5 32. Qc3 Qa7 33. Kh1 Ra3 34. Qd4
Ra4 35. Qc3 h5 36. Bb5 Ra3 37. Qf6 Ra8 38. h4 Nb3 39. Rc2 Nd4 0-1

[Event "OLNO 1718 TSG Oberschöneweide - SC Rot"]
[Site "?"]
[Date "2018.01.21"]
[Round "5.3"]
[White "Guth, Thomas"]
[Black "Horn, Sven"]
[Result "1/2-1/2"]
[WhiteElo "2335"]
[BlackElo "2118"]
[PlyCount "180"]
[EventDate "2018.??.??"]

1. e4 e5 2. Nc3 Nf6 3. Nf3 Bb4 4. Bc4 O-O 5. O-O Nc6 6. Re1 d6 7. a3 Bxc3 8.
dxc3 h6 9. h3 Ne7 10. Nh4 Kh7 11. Bd3 g5 12. Qf3 Ng6 13. Nf5 Nf4 14. g3 Nxd3
15. cxd3 Rg8 16. g4 Rg6 17. d4 Qe8 18. d5 Bd7 19. Be3 Bxf5 20. Qxf5 Qd7 21.
Qxd7 Nxd7 22. c4 Nc5 23. Bxc5 dxc5 24. b4 cxb4 25. axb4 Rb6 26. Ra4 Rd8 27. Kf1
Kg7 28. Ke2 Kf8 29. h4 Ke7 30. Rh1 a6 31. c5 Rf6 32. h5 c6 33. d6+ Kd7 34. Ra3
Re8 35. Rhh3 Rf4 36. f3 Rf6 37. Kd3 Rfe6 38. Rh1 Rb8 39. Kc4 Ree8 40. Ra5 Re6
41. Rb1 Ree8 42. Rb2 Re6 43. Ra1 Ree8 44. Rb3 Ra8 45. Kc3 Rab8 46. Kb2 Red8 47.
Rd3 Re8 48. Kb3 Ra8 49. Ka4 Rab8 50. Ka5 Red8 51. Kb6 Rdc8 52. Rd2 Ra8 53. Rf2
Rab8 54. Rd2 Re8 55. Rda2 Rec8 56. Ra3 Re8 57. Rc3 Rec8 58. Ka5 Ra8 59. Ka4
Rab8 60. Kb3 Ra8 61. Kc4 Rcb8 62. Rca3 Rc8 63. R3a2 Re8 64. Ra5 Rab8 65. b5
axb5+ 66. Kb4 Red8 67. Ra7 Kc8 68. Rd1 Rd7 69. Ka5 f6 70. Kb6 Kd8 71. Rda1 Kc8
72. Rb1 Kd8 73. Rb4 Kc8 74. Rb3 Kd8 75. Rb2 Kc8 76. Rc2 Kd8 77. Rb2 Kc8 78. Rb1
Kd8 79. Rb4 Kc8 80. Rb3 Kd8 81. Rba3 Kc8 82. Ra8 Rf7 83. R8a5 Rd7 84. Rd3 Kd8
85. Rda3 Kc8 86. Ra8 Rf7 87. R3a7 Rd7 88. Ra1 Rf7 89. R8a7 Rd7 90. Ra8 Rf7
1/2-1/2

[Event "OLNO 1718 TSG Oberschöneweide - SC Rot"]
[Site "?"]
[Date "2018.01.21"]
[Round "5.4"]
[White "Postler, Reinhard"]
[Black "Dauth, Benjamin"]
[Result "1/2-1/2"]
[WhiteElo "2240"]
[BlackElo "2330"]
[PlyCount "32"]
[EventDate "2018.??.??"]

1. e4 e5 2. Nf3 Nc6 3. Bb5 d6 4. d4 exd4 5. Nxd4 Bd7 6. Nc3 Nxd4 7. Qxd4 Bxb5
8. Nxb5 a6 9. Nc3 Nf6 10. Bg5 Be7 11. O-O-O O-O 12. e5 Ne8 13. Bxe7 Qxe7 14.
exd6 Qxd6 15. Qxd6 Nxd6 16. f3 Rad8 1/2-1/2

[Event "OLNO 1718 TSG Oberschöneweide - SC Rot"]
[Site "?"]
[Date "2018.01.21"]
[Round "5.5"]
[White "Seils, Joerg"]
[Black "Syre, Christian"]
[Result "1/2-1/2"]
[WhiteElo "2313"]
[BlackElo "2191"]
[PlyCount "32"]
[EventDate "2018.??.??"]

1. e4 d6 2. d4 Nf6 3. Nc3 g6 4. Nf3 Bg7 5. h3 O-O 6. Be2 c5 7. dxc5 Qa5 8. O-O
Qxc5 9. a3 Nbd7 10. Re1 b6 11. Be3 Qc7 12. Bd3 Bb7 13. Qd2 Rac8 14. Bh6 Ne5 15.
Nxe5 dxe5 16. Bxg7 Kxg7 1/2-1/2

[Event "OLNO 1718 TSG Oberschöneweide - SC Rot"]
[Site "?"]
[Date "2018.01.21"]
[Round "5.6"]
[White "Jauk, Wilhelm"]
[Black "Bruchmann, Stephan"]
[Result "1/2-1/2"]
[WhiteElo "2131"]
[BlackElo "2221"]
[PlyCount "27"]
[EventDate "2018.??.??"]

1. d4 d5 2. Bg5 h6 3. Bh4 c6 4. e3 Qb6 5. b3 e5 6. Nf3 e4 7. Nfd2 Be7 8. Bg3
Bg5 9. Be5 Bf6 10. Bxf6 Nxf6 11. c4 O-O 12. Nc3 Re8 13. Be2 Qd8 14. O-O 1/2-1/2

[Event "OLNO 1718 TSG Oberschöneweide - SC Rot"]
[Site "?"]
[Date "2018.01.21"]
[Round "5.7"]
[White "Mueller, Michael"]
[Black "Stark, Ingo"]
[Result "1/2-1/2"]
[WhiteElo "2270"]
[BlackElo "2131"]
[PlyCount "159"]
[EventDate "2018.??.??"]

1. d4 Nf6 2. c4 e6 3. Nc3 c5 4. d5 exd5 5. cxd5 Bd6 6. e4 Bc7 7. Bd3 O-O 8.
Nge2 Re8 9. O-O a6 10. a4 d6 11. Bg5 h6 12. Bh4 Nbd7 13. f4 c4 14. Bxc4 g5 15.
fxg5 Ng4 16. Qd2 Nde5 17. Ba2 Bb6+ 18. Nd4 Ng6 19. Bf2 Qxg5 20. Qxg5 hxg5 21.
Rad1 Bd7 22. Kh1 Nxf2+ 23. Rxf2 Bg4 24. Rdd2 Rac8 25. h3 Bd7 26. Rf6 Bc5 27.
Nf5 Bxf5 28. Rxf5 Kg7 29. Bb1 f6 30. Rd1 Rh8 31. Kh2 Rh6 32. Ne2 Rch8 33. Rd3
Ne5 34. Rb3 b6 35. Rg3 Rc8 36. Nf4 Kh7 37. Ne6 Bb4 38. Rf1 Rg6 39. Bd3 a5 40.
Ba6 Ra8 41. Be2 Rc8 42. Ba6 Ra8 43. Be2 Rc8 44. Nd4 Rc7 45. Rb3 Kg8 46. Kg3 Rh6
47. Kh2 Kh8 48. g3 Rch7 49. g4 Rc7 50. Kg3 Rch7 51. Rh1 Rc7 52. h4 gxh4+ 53.
Kg2 Kg8 54. Rbh3 Ng6 55. Kf3 Bd2 56. Nf5 Rhh7 57. Nxd6 Rc2 58. Bd1 Rxb2 59. Nc4
Ne5+ 60. Nxe5 fxe5 61. g5 Bxg5 62. Kg4 Bf6 63. Rf1 Kg7 64. Rc3 Rg2+ 65. Kh3 Rg6
66. Bg4 Rhh6 67. d6 Rh8 68. Rc7+ Kh6 69. Rf5 Bg5 70. Rxe5 Rxd6 71. Rd5 Rxd5 72.
exd5 Rf8 73. d6 Bd8 74. Rc4 Kg5 75. d7 Kg6 76. Re4 Kh6 77. Re8 Kg7 78. Kg2 Bg5
79. Kh3 Bd8 80. Kg2 1/2-1/2

[Event "OLNO 1718 TSG Oberschöneweide - SC Rot"]
[Site "?"]
[Date "2018.01.21"]
[Round "5.8"]
[White "Wiedersich, Jens"]
[Black "Steinhagen, Bernd"]
[Result "1/2-1/2"]
[WhiteElo "2102"]
[BlackElo "2246"]
[PlyCount "81"]
[EventDate "2018.??.??"]

1. d4 d5 2. c4 e6 3. Nf3 Nf6 4. g3 Be7 5. Bg2 Nbd7 6. Nbd2 O-O 7. O-O c6 8. Qc2
b6 9. e4 Bb7 10. cxd5 cxd5 11. e5 Ne8 12. Nb3 Rc8 13. Qd1 a5 14. Be3 Nc7 15.
Nc1 Ba6 16. Re1 Nb8 17. Nd3 Nb5 18. Bf1 Qd7 19. Qb3 Qb7 20. Nf4 Na7 21. Nd2 Rc7
22. Qd1 Bxf1 23. Rxf1 Nac6 24. Qg4 Kh8 25. Nh5 Rg8 26. Nf3 Nb4 27. Ng5 Bxg5 28.
Bxg5 Nd7 29. Qf3 Nc6 30. Rfd1 Nf8 31. Rac1 h6 32. Be3 Nh7 33. Rc3 Nb4 34. Rxc7
Qxc7 35. Rc1 Qd7 36. a3 Nc6 37. h4 Rf8 38. Qe2 Ne7 39. Qa6 Rb8 40. Qe2 Rc8 41.
Rxc8+ 1/2-1/2

[Event "OLNO 1718 Greifswalder SV - TSG Obersch"]
[Site "?"]
[Date "2018.02.04"]
[Round "6.1"]
[White "Schoewel, Matthias"]
[Black "Mueller, Nick"]
[Result "1/2-1/2"]
[WhiteElo "2232"]
[BlackElo "2312"]
[PlyCount "80"]
[EventDate "2018.??.??"]
[WhiteTeam "TSG Oberschoeneweide"]
[BlackTeam "Greifswalder SV"]
[WhiteTeamCountry "GER"]
[BlackTeamCountry "GER"]

1. e4 c6 2. d4 d5 3. Nc3 dxe4 4. Nxe4 Bf5 5. Ng3 Bg6 6. Nf3 Nd7 7. Bd3 e6 8.
O-O Ngf6 9. Re1 Be7 10. Bg5 Bxd3 11. Qxd3 O-O 12. Rad1 h6 13. Bd2 Re8 14. c4
Qc7 15. Bc3 a5 16. Ne4 Nxe4 17. Rxe4 Bb4 18. a3 Bxc3 19. Qxc3 a4 20. Re2 Nf6
21. h3 Red8 22. Qe3 Ne8 23. Red2 Nd6 24. Qe2 b5 25. cxb5 cxb5 26. Ne5 Re8 27.
Rc2 Qb7 28. Rc5 b4 29. Rdc1 bxa3 30. bxa3 Rac8 31. Qc2 Qb3 32. Qxb3 axb3 33.
Rb1 Rb8 34. Rc3 b2 35. Rc2 Ra8 36. Rbxb2 Rxa3 37. Rc7 Ra1+ 38. Kh2 Rd1 39. Rd7
Rxd4 40. Nxf7 Nf5 1/2-1/2

[Event "OLNO 1718 Greifswalder SV - TSG Obersch"]
[Site "?"]
[Date "2018.02.04"]
[Round "6.2"]
[White "Leisner, Hannes"]
[Black "Horn, Sven"]
[Result "1/2-1/2"]
[WhiteElo "2280"]
[BlackElo "2124"]
[PlyCount "64"]
[EventDate "2018.??.??"]
[WhiteTeam "Greifswalder SV"]
[BlackTeam "TSG Oberschoeneweide"]
[WhiteTeamCountry "GER"]
[BlackTeamCountry "GER"]

1. Nf3 Nf6 2. c4 c5 3. g3 g6 4. Bg2 Bg7 5. O-O O-O 6. Nc3 Nc6 7. d4 cxd4 8.
Nxd4 Ng4 9. e3 Nge5 10. b3 d6 11. Bb2 Bg4 12. f3 Bd7 13. Nc2 Qa5 14. Nd4 Qd8
15. Qd2 Bh6 16. f4 Ng4 17. Rae1 Bg7 18. Nc2 a6 19. Rd1 Qa5 20. h3 Nh6 21. g4
Rfd8 22. Ba1 Kf8 23. a3 Qc5 24. Ne4 Qa7 25. Bxg7+ Kxg7 26. Qc3+ Kg8 27. c5 dxc5
28. Nxc5 Be8 29. b4 Rac8 30. Qb2 b6 31. Nb3 Qc7 32. Ncd4 Nxd4 1/2-1/2

[Event "OLNO 1718 Greifswalder SV - TSG Obersch"]
[Site "?"]
[Date "2018.02.04"]
[Round "6.4"]
[White "Stubbe, Wilko"]
[Black "Syre, Christian"]
[Result "1-0"]
[WhiteElo "2204"]
[BlackElo "2194"]
[PlyCount "73"]
[EventDate "2018.??.??"]
[WhiteTeam "Greifswalder SV"]
[BlackTeam "TSG Oberschoeneweide"]
[WhiteTeamCountry "GER"]
[BlackTeamCountry "GER"]

1. e4 d6 2. d4 Nf6 3. Bd3 Nc6 4. c3 e5 5. d5 Ne7 6. Ne2 c6 7. c4 Ng6 8. Nbc3
Be7 9. O-O O-O 10. b4 a5 11. dxc6 bxc6 12. b5 Bb7 13. a4 Re8 14. bxc6 Bxc6 15.
Nd5 Nf8 16. Nec3 Ne6 17. Be3 Nc5 18. Bxc5 dxc5 19. Rb1 Bd6 20. Nb5 Bb8 21. Qe2
Nd7 22. Qe3 Ra6 23. Be2 Nb6 24. Rfd1 Nd7 25. Bg4 h6 26. Bxd7 Bxd7 27. Qxc5 Rg6
28. Ne3 Qc8 29. Qxc8 Bxc8 30. c5 Bb7 31. Nc7 Bxc7 32. Rxb7 Rc8 33. Rd7 Bd8 34.
Nd5 Kh7 35. g3 Bg5 36. Rb5 Kg8 37. Rxa5 1-0

[Event "OLNO 1718 Greifswalder SV - TSG Obersch"]
[Site "?"]
[Date "2018.02.04"]
[Round "6.5"]
[White "Jauk, Wilhelm"]
[Black "Kuersten, Ruediger"]
[Result "0-1"]
[WhiteElo "2133"]
[BlackElo "2167"]
[PlyCount "152"]
[EventDate "2018.??.??"]
[WhiteTeam "TSG Oberschoeneweide"]
[BlackTeam "Greifswalder SV"]
[WhiteTeamCountry "GER"]
[BlackTeamCountry "GER"]

1. d4 d5 2. Nf3 Nf6 3. Bg5 c6 4. c3 Ne4 5. Bh4 Bf5 6. e3 Nd7 7. Nbd2 h6 8. Nxe4
Bxe4 9. Nd2 Bh7 10. Qb3 Qb6 11. Bg3 e6 12. Be2 Be7 13. O-O O-O 14. Qxb6 axb6
15. a3 b5 16. Nf3 Nb6 17. Rad1 Nc4 18. Bxc4 bxc4 19. Rd2 f6 20. h3 Rfe8 21. Nh2
e5 22. dxe5 fxe5 23. Bxe5 Bxa3 24. f4 Bc5 25. Kf2 Ra2 26. Nf3 Rea8 27. Bd4 Bf8
28. g4 Be4 29. Kg3 Ra1 30. Rxa1 Rxa1 31. Rf2 Be7 32. Nd2 Bd3 33. Nf3 Rb1 34. h4
Be4 35. h5 Rh1 36. Be5 Rd1 37. Bd4 b5 38. Be5 c5 39. Bc7 b4 40. Be5 Rc1 41. Rh2
Bd8 42. Bd6 Bb6 43. cxb4 cxb4 44. Bxb4 Bxe3 45. Bd2 Rf1 46. Ne5 Bc5 47. Re2
Rg1+ 48. Kh3 Rh1+ 49. Kg3 Be7 50. Ng6 Bd8 51. Bc3 Rg1+ 52. Kh3 Rh1+ 53. Kg3
Rg1+ 54. Kh3 Bf6 55. Bxf6 gxf6 56. f5 Kf7 57. Kh4 Rc1 58. Kg3 Rg1+ 59. Kf4 Rf1+
60. Kg3 Rf3+ 61. Kh4 Rb3 62. Nf4 Rf3 63. Ng6 Ke8 64. Nh8 Ke7 65. Ng6+ Kd7 66.
Nf8+ Kd6 67. Ne6 Bd3 68. Re1 Bf1 69. g5 fxg5+ 70. Nxg5 hxg5+ 71. Kxg5 Bd3 72.
Re6+ Kd7 73. Re5 Kd6 74. Re6+ Kc5 75. Re5 Kd4 76. Kf6 Rh3 0-1

[Event "OLNO 1718 Greifswalder SV - TSG Obersch"]
[Site "?"]
[Date "2018.02.04"]
[Round "6.6"]
[White "Kalhorn, Stefan"]
[Black "Stark, Ingo"]
[Result "0-1"]
[WhiteElo "2132"]
[BlackElo "2135"]
[PlyCount "86"]
[EventDate "2018.??.??"]
[WhiteTeam "Greifswalder SV"]
[BlackTeam "TSG Oberschoeneweide"]
[WhiteTeamCountry "GER"]
[BlackTeamCountry "GER"]

1. d4 Nf6 2. c4 e6 3. Nf3 c5 4. d5 exd5 5. cxd5 d6 6. e4 g6 7. Bd3 Bg7 8. O-O
O-O 9. Re1 Bg4 10. Nbd2 Nbd7 11. h3 Ne5 12. Qe2 Bxf3 13. Nxf3 Nxf3+ 14. Qxf3
Nd7 15. Bf4 Qe7 16. Rab1 a6 17. a4 Bd4 18. Be3 Qe5 19. Qg4 Bxe3 20. Rxe3 Rad8
21. b3 Qd4 22. Rbe1 Ne5 23. Qg3 Rde8 24. Kh2 f6 25. f4 Nf7 26. e5 dxe5 27. Bxg6
exf4 28. Bxh7+ Kxh7 29. Qh4+ Kg7 30. Qg4+ Ng5 31. Rxe8 f3 32. R1e7+ Kg6 33.
Qxd4 cxd4 34. gxf3 d3 35. Re3 Rxe8 36. Rxd3 Kf5 37. Kg3 Rd8 38. Rc3 Rxd5 39.
Rc7 b5 40. a5 Rd3 41. Rc6 Rxf3+ 42. Kg2 Rxh3 43. Rxa6 Rxb3 0-1

[Event "OLNO 1718 Greifswalder SV - TSG Obersch"]
[Site "?"]
[Date "2018.02.04"]
[Round "6.8"]
[White "Reyer, Ulli"]
[Black "Wiedersich, Jens"]
[Result "1-0"]
[WhiteElo "2156"]
[BlackElo "2106"]
[PlyCount "73"]
[EventDate "2018.??.??"]
[WhiteTeam "Greifswalder SV"]
[BlackTeam "TSG Oberschoeneweide"]
[WhiteTeamCountry "GER"]
[BlackTeamCountry "GER"]

1. e4 c5 2. Nf3 d6 3. Bb5+ Bd7 4. Bxd7+ Nxd7 5. O-O g6 6. c3 Bg7 7. d4 cxd4 8.
cxd4 e6 9. Nc3 a6 10. Bf4 Nb6 11. a4 Ne7 12. Qb3 Rb8 13. Be3 Nbc8 14. d5 e5 15.
a5 O-O 16. Rfc1 h6 17. Nd2 f5 18. f3 g5 19. Ne2 Ng6 20. exf5 Nf4 21. Ng3 Ne7
22. Bb6 Qe8 23. Bc7 Nxf5 24. Nxf5 Ne2+ 25. Kh1 Nxc1 26. Rxc1 Rxf5 27. Bxb8 Qxb8
28. Ne4 Bf8 29. Qc2 Rf7 30. Ng3 Qd8 31. Qg6+ Bg7 32. Nf5 Rc7 33. Nxh6+ Kf8 34.
Qf5+ Ke8 35. Qe6+ Re7 36. Qg6+ Kf8 37. Qf5+ 1-0

[Event "OLNO 1718 FHSH Stralsund - SC Weisse Da"]
[Site "?"]
[Date "2018.02.04"]
[Round "6.1"]
[White "Waldmann, Hans-Joachim"]
[Black "Mehl, Ronald"]
[Result "1-0"]
[WhiteElo "2275"]
[BlackElo "2110"]
[PlyCount "91"]
[EventDate "2018.??.??"]

1. d4 Nf6 2. c4 e6 3. Nc3 Bb4 4. e3 O-O 5. Bd3 Bxc3+ 6. bxc3 d6 7. e4 e5 8. Ne2
Re8 9. f3 Nbd7 10. O-O c5 11. Qc2 Qe7 12. Ng3 Nf8 13. Be3 Ng6 14. Qd2 h5 15.
Bg5 Nf4 16. Bxf4 exf4 17. Qxf4 g6 18. Rfe1 Nd7 19. Nf1 cxd4 20. cxd4 g5 21. Qd2
Qf6 22. Bc2 Nf8 23. Ne3 Ne6 24. e5 dxe5 25. Nd5 Qg7 26. dxe5 Rd8 27. Rad1 Kh8
28. Qf2 b5 29. Nc7 Rxd1 30. Rxd1 Rb8 31. Nxb5 Qxe5 32. Qxa7 Rb7 33. Qa3 Rd7 34.
Qc3 Qxc3 35. Nxc3 Nd4 36. Ba4 Rd8 37. Kf2 Be6 38. Nb5 Ra8 39. Nc3 Nf5 40. Bb3
Rc8 41. Nd5 Rc5 42. Nc3 Bxc4 43. Ne4 Rc8 44. Rc1 Be6 45. Rxc8+ Bxc8 46. Bxf7
1-0